000 01165njm a2200301Ia 4500
001 B1818
003 IT-RoPAU
005 20220918181152.0
008 131025s9999 xx 000 0 und d
040 _aIT-RoPAU
040 _cIT-RoPAU
041 _aSPAGNOLO
999 _c102201
_d102201
999 _bn.d.
100 _aVelosa Jorge R.
_928585
100 _eAutore musica
_928586
100 _gCodice autore musica SPICS: 37116
_928587
245 _aClasicas de Jorge Velosa (Las)
250 _a1a ed.
260 _aCOLOMBIA
260 _bDISCOS & CINTAS
_c1990 [1a Ed.:1990 - Ed. Lingua Orig.: 1990]
300 _aMUSICASSETTA
500 _aMusica folk. Musica colombiana.
505 _aLa cucharita - Soldadito de la Patria - Julia, Julia, Julia - La pirinola - Te digo adios - El amor es una vaina - La rumba del padre Adan - Volvio la venezolana - Por fin se van a casar - El corazon remitente
650 _aCOLOMBIANA [CASSETTE]
_eCodice MATERIA SPICS: 9951
_928588
700 _aVelosa Jorge R.
_eAutore testo e musica
_gCodice autore testo/musica SPICS: 37116
_928589
700 _aVelosa Jorge R.
_gCodice interprete SPICS: 37116
_eInterprete
_928590
942 _cMC
_2ddc